General Knowledge Pictures - Beginning 'W' - Statistics

General Stats
  • This quiz has been taken 137 times
  • The average score is 24 of 28
Answer Stats
Picture Answer % Correct
Watermelon
99%
Wallet
98%
Wolf
98%
Web
97%
Witch
96%
Weight
95%
Whistle
95%
Wing
95%
Wasp
94%
Waterfall
94%
Windmill
94%
Wishing Well
93%
Worm
93%
George Washington
92%
Walnut
92%
Woodpecker
90%
Wheelbarrow
85%
Wok
85%
Wand
84%
Whip
84%
Walk
80%
Warthog
75%
Willow
73%
Wales
71%
Wicket
71%
Wailing Wall
55%
Wildebeest
53%
Battle of Waterloo
42%
No matching quizzes found
Score Distribution
Percent of People with Each Score
Percentile by Number Answered
Your Score History
You have not taken this quiz